| 000 | 00418nam a2200169Ia 4500 | ||
|---|---|---|---|
| 005 | 20240823011451.0 | ||
| 008 | 240823s9999||||xx |||||||||||||| ||und|| | ||
| 082 | _A650.01310 P1 | ||
| 100 | _aJit S Chandan | ||
| 245 | 0 | _aStatistics for Business and Economics | |
| 250 | _a1st | ||
| 260 |
_c2001 _b"Vikas,New Delhi" |
||
| 500 | _aYES | ||
| 650 |
_aManagement _bManagement Studies |
||
| 942 | _cBK | ||
| 999 |
_c161620 _d161620 |
||